Statistics for Top 20 Best Countries in the World

Click here to take the quiz!

General Stats

  • This quiz has been taken 51 times
  • The average score is 18 of 20

Answer Stats

Answer% Correct
6Japan
100%
13Norway
98%
5Sweden
98%
4United States
98%
3Canada
96%
15Finland
96%
16Spain
96%
7Australia
93%
2Germany
93%
10Denmark
91%
14Italy
91%
9France
89%
20South Korea
89%
12Netherlands
87%
1Switzerland
87%
8United Kingdom
87%
11New Zealand
84%
18Belgium
80%
17China
69%
19Singapore
62%

Score Distribution

Percentile by Number Answered

Percent of People with Each Score

Your Score History

You have not taken this quiz